书目信息 |
| 题名: |
水资源利用与水环境保护工程
|
|
| 作者: | 刘满平 主编 | |
| 分册: | ||
| 出版信息: | 北京 中国建材工业出版社 2005 |
|
| 页数: | 187页 | |
| 开本: | 26cm | |
| 丛书名: | 高等院校环境类系列教材 | |
| 单 册: | ||
| 中图分类: | TV213.9 , X143 | |
| 科图分类: | ||
| 主题词: | 水资源利用--高等学校--教材 , 水环境--环境保护--高等学校--教材 | |
| 电子资源: | ||
| ISBN: | 7-80159-589-0 | |
| 000 | 01072oam2 2200301 45 | |
| 001 | 012003985889 | |
| 005 | 20070807164050.57 | |
| 009 | 012003985889 | |
| 010 | @a7-80159-589-0@dCNY19.00 | |
| 035 | @a(110020)012005039196 | |
| 100 | @a20051008d2005 em y0chiy0110 ea | |
| 101 | 0 | @achi |
| 102 | @aCN@b110000 | |
| 105 | @ay z 000yy | |
| 106 | @ar | |
| 200 | 1 | @a水资源利用与水环境保护工程@Ashui zi yuan li yong yu shui huan jing bao hu gong cheng@f刘满平主编@Fliu man ping zhu bian |
| 210 | @a北京@c中国建材工业出版社@d2005 | |
| 215 | @a187页@d26cm | |
| 225 | 2 | @a高等院校环境类系列教材@Agao deng yuan xiao huan jing lei xi lie jiao cai |
| 330 | @a本书系统地介绍了水资源利用与水环境保护的基本理论和方法。主要内容包括:水资源特征、水循环、可持续发展与水资源开发利用现状等。 | |
| 461 | 0 | @12001 @a高等院校环境类系列教材 |
| 606 | 0 | @a水资源利用@x高等学校@j教材 |
| 606 | 0 | @a水环境@x环境保护@x高等学校@j教材 |
| 690 | @aTV213.9@v4 | |
| 690 | @aX143@v4 | |
| 701 | 0 | @a刘满平@Aliu man ping@4主编 |
| 801 | 0 | @aCN@b110020@c20070807 |
| 905 | @dTV213.9@e51@f1 | |
| 水资源利用与水环境保护工程/刘满平主编.-北京:中国建材工业出版社,2005 |
| 187页;26cm.-(高等院校环境类系列教材) |
| ISBN 7-80159-589-0:CNY19.00 |
| 本书系统地介绍了水资源利用与水环境保护的基本理论和方法。主要内容包括:水资源特征、水循环、可持续发展与水资源开发利用现状等。 |
| ● |
| 相关链接 |
|
|
|
|
正题名:水资源利用与水环境保护工程
索取号:TV213.9/51
 
预约/预借
| 序号 | 登录号 | 条形码 | 馆藏地/架位号 | 状态 | 备注 |
| 1 | 0853077 | 208530776 | 第二样本阅览室/ [索取号:TV213.9/51] | 在馆 |